000
00245nam a2200097Ia 4500
001
684990
005
20250826161508.0
008
250824s9999 xx 000 0 und d
245
0
_a
KARAYEL HÜZNÜ/B.UZUNER/EVEREST
_c
BUKET UZUNER
260
_b
EVEREST
999
_c
684990
_d
684990